000 00369nam a2200145Ia 4500
008 230312s9999||||xx |||||||||||||| ||und||
020 _a81-265-4273-4
082 _a536.2
_bINC-P
100 _aIncropera;Frank.P
245 0 _aPrinciples of Heat and Mass Transfer
260 _bWiley
_aIndia
_c2003
300 _a1048
650 _aEngineering
_vMechanical
942 _cBK
999 _c11481
_d11481